Literature by One-Word Hints Quiz Stats

Quiz Updated Feb 22, 2016

Challenge
Share
Tweet
Embed
Score 0/20 Timer 10:00
1 Play Today
% Correct
Gone with the Wind
85.2%
Lord of the Flies
82.1%
Don Quixote
75.9%
Nineteen Eighty-Four
72.1%
Great Expectations
68.4%
Hamlet
65.9%
Pride and Prejudice
63.1%
Moby-Dick
61%
The Odyssey
59.6%
One Flew Over the Cuckoo's Nest
59.4%
% Correct
Call of the Wild
55.7%
The Sun Also Rises
54.2%
Slaughterhouse-Five
52.7%
The Hitchhiker's Guide to the Galaxy
51.7%
Heart of Darkness
51.4%
A Clockwork Orange
50.9%
The Canterbury Tales
49%
Dune
47.5%
Things Fall Apart
43.7%
The Great Gatsby
42.8%

You're not logged in!

Compare scores with friends on all Sporcle quizzes.
Join for Free
OR
Log In

You Might Also Like...

Show Comments

Extras

Top Quizzes Today


Score Distribution

Your Account Isn't Verified!

In order to create a playlist on Sporcle, you need to verify the email address you used during registration. Go to your Sporcle Settings to finish the process.

Report this User

Report this user for behavior that violates our Community Guidelines.

Details: